Účtovná závierka - právna úprava v SR v porovnaní s IAS/IFRS
Prehľad implementovaných požiadaviek obsiahnutých v IAS v novom zákone č. 431/2002 Z.z. o účtovníctve a nových opatreniach Ministerstva financií SR pre oblasť účtovníctva. Spoločné črty a rozdiely medzi účtovnou závierkou podľa právnej úpravy SR od 1.1.2003 a podľa IAS.
Guardado en:
| Autor principal: | |
|---|---|
| Formato: | Capítulo de libro |
| Lenguaje: | eslovaco |
| Materias: | |
| Etiquetas: |
Sin Etiquetas, Sea el primero en etiquetar este registro!
|
MARC
| LEADER | 00000naa$a2200000$$$4500 | ||
|---|---|---|---|
| 001 | 0002795 | ||
| 005 | 20231002123843.2 | ||
| 041 | 0 | |a slo | |
| 044 | |a SK | ||
| 245 | 1 | 0 | |a Účtovná závierka - právna úprava v SR v porovnaní s IAS/IFRS |c aut. Anna Šlosárová |
| 520 | |a Prehľad implementovaných požiadaviek obsiahnutých v IAS v novom zákone č. 431/2002 Z.z. o účtovníctve a nových opatreniach Ministerstva financií SR pre oblasť účtovníctva. Spoločné črty a rozdiely medzi účtovnou závierkou podľa právnej úpravy SR od 1.1.2003 a podľa IAS. | ||
| 610 | 2 | 0 | |a závierka účtovná |
| 610 | 2 | 0 | |a úpravy právne |
| 610 | 2 | 0 | |a Slovensko |
| 610 | 2 | 0 | |a aproximácia práva |
| 610 | 2 | 0 | |a normy medzinárodné |
| 610 | 2 | 0 | |a štandardy |
| 610 | 2 | 0 | |a pojmy |
| 100 | 1 | |a Šlosárová, Anna | |